| 000 | 00988nam a2200241 a 4500 | ||
|---|---|---|---|
| 001 | 21827 | ||
| 003 | CO-ViMGA | ||
| 008 | 141112s2004 ck r 000 u spa d | ||
| 020 | _a9588192870 | ||
| 040 |
_aCO-ViMGA _bspa _cCO-ViMGA |
||
| 082 | 0 | 4 | _a345.05 G653p |
| 100 | 1 |
_aGómez González, Orlando P. _931132 |
|
| 245 | 1 | 0 | _aParticipación criminal |
| 260 |
_aBogotá : _bEdiciones jurídicas Gustavo Ibañez, _c2004 |
||
| 300 | _a281 | ||
| 490 | _aColección autores extranjeros. Derecho penal | ||
| 505 | _aTeoría de la participación criminal 39 - - Participación y accesoriedad 95 - - Análisis jurisprudencial 167 - - Teoría objetivo formal 189 - - Teoría del domini del hecho 199 | ||
| 590 | _aForma de adquisición : Donación fact. 8859 - - Precio : 45000 - - Proveedor : Fundación exito - - Fecha de adquisición : Julio 2007 | ||
| 650 | 1 | 4 |
_aCOMPLICES _931133 |
| 650 | 1 | 4 |
_aDELINCUENTES _931134 |
| 650 | 1 | 4 |
_aPARTICICPACION (DERECHO PENAL) _931135 |
| 942 |
_2ddc _cBK |
||
| 999 |
_c30376 _d30376 |
||